MARC details
| 000 -CABECERA |
| campo de control de longitud fija |
02011nam a2200313 i 4500 |
| 001 - NÚMERO DE CONTROL |
| campo de control |
000046179 |
| 003 - IDENTIFICADOR DEL NÚMERO DE CONTROL |
| campo de control |
DO-SdBNP |
| 005 - FECHA Y HORA DE LA ÚLTIMA TRANSACCIÓN |
| campo de control |
20241112093429.0 |
| 007 - CAMPO FIJO DE DESCRIPCIÓN FÍSICA--INFORMACIÓN GENERAL |
| campo de control de longitud fija |
ta |
| 008 - DATOS DE LONGITUD FIJA--INFORMACIÓN GENERAL |
| campo de control de longitud fija |
150703s1998 dr a 000 0 spa d |
| 040 ## - FUENTE DE LA CATALOGACIÓN |
| Centro catalogador/agencia de origen |
DO-SdBNP |
| Lengua de catalogación |
spa |
| Centro/agencia transcriptor |
BNPHU |
| Normas de descripción |
rda |
| 082 #4 - NÚMERO DE LA CLASIFICACIÓN DECIMAL DEWEY |
| Número de clasificación |
917.29303 |
| Número de documento/Ítem |
A772a |
| Número de edición |
22 |
| 245 00 - MENCIÓN DE TÍTULO |
| Título |
Arqueología y antropología física en la catedral de Santo Domingo / |
| Mención de responsabilidad, etc. |
coordinadores, Harold Olsen Bogaert, Eugenio Pérez Montás, Esteban Prieto Vicioso ; prólogo, Heriberto de Castro S. |
| 264 #4 - PRODUCCIÓN, PUBLICACIÓN, DISTRIBUCIÓN, FABRICACIÓN Y COPYRIGHT |
| Producción, publicación, distribución, fabricación y copyright |
Santo Domingo : |
| Nombre del de productor, editor, distribuidor, fabricante |
Editora Amigo del Hogar, |
| Fecha de producción, publicación, distribución, fabricación o copyright |
1998. |
| 300 ## - DESCRIPCIÓN FÍSICA |
| Extensión |
311 páginas : |
| Otras características físicas |
ilustraciones ; |
| Dimensiones |
29 cm. |
| 336 ## - TIPO DE CONTENIDO |
| Término de tipo de contenido |
texto |
| Código de tipo de contenido |
txt |
| Fuente |
rdacontent |
| 337 ## - TIPO DE MEDIO |
| Nombre/término del tipo de medio |
sin mediación |
| Código del tipo de medio |
n |
| Fuente |
rdamedia |
| 338 ## - TIPO DE SOPORTE |
| Nombre/término del tipo de soporte |
volumen |
| Código del tipo de soporte |
nc |
| Fuente |
rdacarrier |
| 500 ## - NOTA GENERAL |
| Nota general |
Incluye referencias bibliográficas y notas al pie de las páginas. |
| 500 ## - NOTA GENERAL |
| Nota general |
Incluye bibliografía al final decada capítulo |
| 505 0# - NOTA DE CONTENIDO CON FORMATO |
| Nota de contenido con formato |
Prólogo -- |
| Título |
Cronología del programa de arqueología y antropología / |
| Mención de responsabilidad |
Eugenio Pérez Montás y Esteban Prieto Vicioso -- |
| Título |
El asentamiento prehistórico / |
| Mención de responsabilidad |
Harold Olsen Bogaert -- |
| Título |
Excavaciones arqueológicas en el presbiterio -- |
| Mención de responsabilidad |
Harold Olsen Bogaert, Fabio Pimentel Fernández, Abelardo Jiménez Lambertus -- |
| Título |
Excavaciones arqueológicas en las naves / |
| Mención de responsabilidad |
Harold Olsen Bogaert, Fabio Pimentel Fernández, Abelardo Jiménez Ambertus, Francisco Coste -- |
| Título |
Excavaciones arqueológicas en la Capilla Nuestra Señora de la Antigua / |
| Mención de responsabilidad |
Harold Olsen Bogaert -- |
| Título |
Investigaciones arqueológicas en otras áreas de la Catedral / |
| Mención de responsabilidad |
Harold Olsen Bogaert, Abelardo Jiménez Lambertus, Francisco Coste -- |
| Título |
Apéndice. |
| 590 ## - NOTA LOCAL (RLIN) |
| Nota local |
Inventariado, 2024/BT |
| 650 #4 - PUNTO DE ACCESO ADICIONAL DE MATERIA--TÉRMINO DE MATERIA |
| Término de materia o nombre geográfico como elemento de entrada |
Catedral de Santo Domingo |
| Subdivisión general |
Excavaciones arqueológicas |
| 9 (RLIN) |
74223 |
| 650 #4 - PUNTO DE ACCESO ADICIONAL DE MATERIA--TÉRMINO DE MATERIA |
| Término de materia o nombre geográfico como elemento de entrada |
Excavaciones arqueológicas |
| Subdivisión geográfica |
República Dominicana |
| 9 (RLIN) |
74224 |
| 700 1# - PUNTO DE ACCESO ADICIONAL--NOMBRE DE PERSONA |
| Nombre de persona |
Castro S., Heriberto de, |
| Término indicativo de función/relación |
prologuista |
| Código de función/relación |
pr. |
| 9 (RLIN) |
74225 |
| 700 1# - PUNTO DE ACCESO ADICIONAL--NOMBRE DE PERSONA |
| Nombre de persona |
Pérez Montás, Eugenio, |
| Término indicativo de función/relación |
coordinador |
| Código de función/relación |
coord. |
| 9 (RLIN) |
13156 |
| 700 1# - PUNTO DE ACCESO ADICIONAL--NOMBRE DE PERSONA |
| Nombre de persona |
Prieto Vicioso, Esteban, |
| Término indicativo de función/relación |
coordinador |
| Código de función/relación |
coord. |
| 9 (RLIN) |
56663 |
| 942 ## - ELEMENTOS DE PUNTO DE ACCESO ADICIONAL (KOHA) |
| Fuente del sistema de clasificación o colocación |
Dewey Decimal Classification |
| Tipo de ítem Koha |
Libro |